Príspevok k problematike rozprašovania a horenia tekutých palív. /
Uložené v:
| Hlavný autor: | |
|---|---|
| Médium: | Rukopis Kniha |
| Vydavateľské údaje: |
Bratislava :
SVŠT v Bratislave SjF,
1978
|
| Tagy: |
Žiadne tagy, Buďte prvý, kto otaguje tento záznam!
|
MARC
| LEADER | 00000ntm a22000003a 4500 | ||
|---|---|---|---|
| 001 | stu47601 | ||
| 005 | 20150617225712.1 | ||
| 008 | ------s1978----cs----------------------d | ||
| 040 | |a STU |b slo | ||
| 041 | 0 | ||
| 044 | |a cs | ||
| 080 | |a 662.75 | ||
| 080 | |a 662.94 |7 stu_us_auth*stu1424 | ||
| 100 | 1 | |a Kabát, Viktor |4 aut |u J260 |U SjF Ústav tepelnej energetiky |T SjF Katedra tepelnej energetiky |U J260 |Y 49 | |
| 245 | 1 | |a Príspevok k problematike rozprašovania a horenia tekutých palív. / |c [aut.] Kabát,Viktor | |
| 260 | |a Bratislava : |b SVŠT v Bratislave SjF, |c 1978 | ||
| 300 | |a 69 s | ||
| 996 | |b J56451 |c J*56451/HAB. |l JJSK |s A |a 24 |w stu47601_0001 | ||